[Event "GBR-ch108 Senior 50+"]
[Site "Torquay"]
[Date "2022.08.10"]
[Round "3.21"]
[White "McCarron, Peter DJ"]
[Black "Cresswell, Mike J"]
[Result "1-0"]
[WhiteElo "1616"]
[BlackElo "1606"]
[PlyCount "79"]
[EventDate "2022.08.08"]
[EventType "swiss"]
[EventRounds "7"]
[EventCountry "GBR"]

1. c4 Nf6 2. Nc3 g6 3. g3 Bg7 4. Bg2 c6 5. e4 d6 6. Nge2 O-O 7. d3 Bg4 8. O-O
Qc8 9. Be3 Bh3 10. f3 Bxg2 11. Kxg2 Nbd7 12. Qd2 Rd8 13. h3 Nf8 14. Rac1 e5 15.
f4 Rd7 16. f5 Ne8 17. g4 f6 18. Ng3 g5 19. Rh1 Qd8 20. h4 h6 21. hxg5 hxg5 22.
Rh3 d5 23. cxd5 cxd5 24. Nxd5 Rxd5 25. exd5 Qxd5+ 26. Ne4 Rd8 27. b3 Qxd3 28.
Qxd3 Rxd3 29. Bxa7 Rd7 30. Rhc3 Nd6 31. Nxd6 Rxd6 32. Kf3 Ra6 33. Bc5 Rxa2 34.
b4 Nd7 35. Rb1 b6 36. Be3 Bf8 37. Rc4 b5 38. Rc8 e4+ 39. Kxe4 Ne5 40. Bxg5 1-0

[Event "GBR-ch108 Senior 50+"]
[Site "Torquay"]
[Date "2022.08.11"]
[Round "4.2"]
[White "Willmoth, Robert F"]
[Black "Crocker, Philip J"]
[Result "1/2-1/2"]
[WhiteElo "2117"]
[BlackElo "2107"]
[PlyCount "35"]
[EventDate "2022.08.08"]
[EventType "swiss"]
[EventRounds "7"]
[EventCountry "GBR"]

1. Nf3 d5 2. d4 Nf6 3. c3 c6 4. Bg5 Bf5 5. Qb3 Qb6 6. Qxb6 axb6 7. Nbd2 b5 8.
a3 Nbd7 9. Nh4 Be6 10. e3 Ne4 11. Nhf3 Nxg5 12. Nxg5 Bf5 13. e4 dxe4 14. Ngxe4
e6 15. O-O-O Be7 16. Bd3 O-O 17. Rhe1 Rfd8 18. f4 1/2-1/2

[Event "GBR-ch108 Senior 50+"]
[Site "Torquay"]
[Date "2022.08.11"]
[Round "4.3"]
[White "Fraser-Mitchell, Jeremy N"]
[Black "Baer, Bruce L"]
[Result "1-0"]
[WhiteElo "2080"]
[BlackElo "1997"]
[PlyCount "85"]
[EventDate "2022.08.08"]
[EventType "swiss"]
[EventRounds "7"]
[EventCountry "GBR"]

1. d4 g6 2. c4 d6 3. e4 e5 4. dxe5 dxe5 5. Qxd8+ Kxd8 6. Nc3 Be6 7. f4 Nc6 8.
fxe5 Bb4 9. Nf3 Bxc3+ 10. bxc3 h6 11. Be2 Na5 12. c5 Ne7 13. O-O Nec6 14. Bf4
Bc4 15. Bxc4 Nxc4 16. Rab1 Kc8 17. Rfd1 g5 18. Bg3 Re8 19. Nd4 N6xe5 20. Nf5 b6
21. Nxh6 bxc5 22. Rd5 Nd7 23. Nxf7 Rxe4 24. Rxg5 Ncb6 25. h4 Kb7 26. h5 Re7 27.
Rf1 Rf8 28. Rgf5 Rg8 29. Bh4 Re2 30. R1f2 Re1+ 31. Kh2 Re4 32. R5f4 Rxf4 33.
Rxf4 Nd5 34. Rf2 Rg7 35. h6 Rh7 36. g4 Nf8 37. g5 Ng6 38. Bg3 Nxc3 39. Rf6 Ne4
40. Rxg6 Rxf7 41. Rg7 Nxg5 42. Rxg5 Rh7 43. Rg6 1-0

[Event "GBR-ch108 Senior 50+"]
[Site "Torquay"]
[Date "2022.08.11"]
[Round "4.4"]
[White "Moyse, Nigel J"]
[Black "Duncan, Chris R"]
[Result "1/2-1/2"]
[WhiteElo "1976"]
[BlackElo "2178"]
[PlyCount "123"]
[EventDate "2022.08.08"]
[EventType "swiss"]
[EventRounds "7"]
[EventCountry "GBR"]

1. d4 d5 2. c4 e6 3. Nc3 Nf6 4. Nf3 dxc4 5. Qa4+ Nc6 6. Qxc4 Nb4 7. Qb3 c5 8.
e3 a6 9. a4 Be7 10. Be2 O-O 11. O-O cxd4 12. exd4 Bd7 13. Bg5 Bc6 14. Rfd1 Rc8
15. Ne5 Bd5 16. Nxd5 Nfxd5 17. Bxe7 Qxe7 18. Rac1 Rfd8 19. Bf3 Qd6 20. Be4 Rxc1
21. Rxc1 Nf6 22. Bf3 a5 23. Qc4 Nfd5 24. g3 f6 25. Nd3 b6 26. Nxb4 Nxb4 27. Re1
Re8 28. Bg4 Nd5 29. Bf3 Kf7 30. Bh5+ g6 31. Bf3 Qb4 32. Rc1 Qxc4 33. Rxc4 Nb4
34. Kf1 Re7 35. Ke2 Rd7 36. Ke3 Ke7 37. h4 Kd8 38. Be4 Rc7 39. b3 f5 40. Bb1
Nd5+ 41. Kd2 Kd7 42. Bc2 Kd6 43. Rxc7 Kxc7 44. Bd1 Kd6 45. Bf3 Nb4 46. Bb7 h6
47. Ke3 g5 48. hxg5 hxg5 49. Bc8 Nd5+ 50. Kd3 Nf6 51. Bb7 Ng4 52. f4 gxf4 53.
gxf4 Nf6 54. Ke3 Ne8 55. Kd3 Ng7 56. Bf3 Ne8 57. Bb7 Nf6 58. Ke3 Ng4+ 59. Ke2
Kc7 60. Bf3 Nf6 61. Kd3 Ne8 62. Bh5 1/2-1/2

[Event "GBR-ch108 Senior 50+"]
[Site "Torquay"]
[Date "2022.08.11"]
[Round "4.5"]
[White "Dilleigh, Stephen P"]
[Black "Frostick, Clive A"]
[Result "1/2-1/2"]
[WhiteElo "2040"]
[BlackElo "2137"]
[PlyCount "75"]
[EventDate "2022.08.08"]
[EventType "swiss"]
[EventRounds "7"]
[EventCountry "GBR"]

1. Nf3 d5 2. d4 Nf6 3. c4 e6 4. Nc3 a6 5. cxd5 exd5 6. Bg5 Be6 7. e3 Nbd7 8.
Bd3 Bd6 9. Bf4 Bxf4 10. exf4 Bg4 11. Qe2+ Kf8 12. O-O c6 13. h3 Bxf3 14. Qxf3
Qb6 15. Ne2 Re8 16. f5 Qc7 17. Nc3 Qd6 18. Rfe1 Re7 19. Rad1 Ke8 20. Rxe7+ Kxe7
21. Qe3+ Kd8 22. Qg5 Rg8 23. Ne2 h6 24. Qf4 Qxf4 25. Nxf4 Re8 26. f3 Re7 27.
Kf2 a5 28. g4 Ne8 29. h4 Ndf6 30. g5 hxg5 31. hxg5 Nd7 32. Rh1 Kc7 33. Rh7 Kd6
34. Nh5 f6 35. g6 b6 36. a4 Kc7 37. Nf4 Kd6 38. Nh5 1/2-1/2

[Event "GBR-ch108 Senior 50+"]
[Site "Torquay"]
[Date "2022.08.11"]
[Round "4.6"]
[White "Mason, Donald J"]
[Black "Brusey, Alan W"]
[Result "0-1"]
[WhiteElo "2104"]
[BlackElo "1994"]
[PlyCount "72"]
[EventDate "2022.08.08"]
[EventType "swiss"]
[EventRounds "7"]
[EventCountry "GBR"]

1. e4 e6 2. d4 d5 3. e5 c5 4. c3 Nc6 5. Nf3 Qb6 6. Bd3 cxd4 7. O-O Bd7 8. Re1
a6 9. Nbd2 dxc3 10. bxc3 Nge7 11. h4 Rc8 12. Nb3 Na5 13. Be3 Qd8 14. Rb1 Nxb3
15. Qxb3 b5 16. a4 bxa4 17. Qa2 Rxc3 18. Bxa6 Nc6 19. Bb5 Ra3 20. Qd2 Be7 21.
Rec1 Qa8 22. Bxc6 Bxc6 23. Rxc6 Qxc6 24. Rb8+ Bd8 25. Qa5 Ra1+ 26. Kh2 Qd7 27.
Bg5 f6 28. exf6 Qd6+ 29. g3 Qxb8 30. fxg7 Rg8 31. Qc3 Ra2 32. Qc6+ Kf7 33. Qd7+
Kg6 34. h5+ Kxh5 35. Qf7+ Kg4 36. Kg2 Qxg3+ 0-1

[Event "GBR-ch108 Senior 50+"]
[Site "Torquay"]
[Date "2022.08.11"]
[Round "4.7"]
[White "Wilson, Edgar"]
[Black "Knight, Simon C"]
[Result "0-1"]
[WhiteElo "1854"]
[BlackElo "2090"]
[PlyCount "132"]
[EventDate "2022.08.08"]
[EventType "swiss"]
[EventRounds "7"]
[EventCountry "GBR"]

1. e4 c6 2. Nc3 d5 3. Nf3 g6 4. g3 Bg7 5. Bg2 d4 6. Ne2 e5 7. d3 Ne7 8. c3 c5
9. O-O Nbc6 10. Ne1 h5 11. h4 Qd6 12. Bd2 Be6 13. Qc2 O-O 14. a3 dxc3 15. bxc3
c4 16. Be3 cxd3 17. Nxd3 Na5 18. Rab1 b6 19. a4 Nc4 20. Bc1 Rfd8 21. Rd1 Rac8
22. Bb2 Nxb2 23. Nxb2 Qa3 24. Nd3 Nc6 25. Nb4 Nd4 26. Nxd4 exd4 27. Nd5 dxc3
28. Bf1 Bxd5 29. exd5 Rc5 30. d6 Ra5 31. d7 Qxa4 32. Qxa4 Rxa4 33. Re1 Rxd7 34.
Bb5 Rad4 35. Bxd7 Rxd7 36. Rec1 Rd2 37. Kg2 Bd4 38. Rf1 c2 39. Rb4 Rd1 40. Rc4
Rd2 41. Rc1 Rxf2+ 42. Kh3 Bc5 43. R1xc2 Rxc2 44. Rxc2 f5 45. Rd2 a5 46. Rd8+
Kf7 47. Ra8 Ke6 48. Kg2 Bd6 49. Kf3 Bc7 50. Rg8 b5 51. Rxg6+ Kd5 52. Rf6 b4 53.
Rxf5+ Be5 54. Rxh5 b3 55. Rh7 b2 56. Rd7+ Ke6 57. Rb7 a4 58. Rb6+ Kd5 59. Rb5+
Kc6 60. Rxe5 b1=Q 61. h5 a3 62. Kg4 Qb4+ 63. Kg5 a2 64. Re6+ Kd7 65. Rg6 a1=Q
66. h6 Qe5# 0-1

[Event "GBR-ch108 Senior 50+"]
[Site "Torquay"]
[Date "2022.08.11"]
[Round "4.8"]
[White "Dargan, Paul AG"]
[Black "Kirby, Peter J"]
[Result "1-0"]
[WhiteElo "2056"]
[BlackElo "2000"]
[PlyCount "117"]
[EventDate "2022.08.08"]
[EventType "swiss"]
[EventRounds "7"]
[EventCountry "GBR"]

1. e4 c5 2. c3 Nf6 3. e5 Nd5 4. d4 cxd4 5. Nf3 Nc6 6. cxd4 d6 7. Bc4 Nb6 8. Bb5
Bd7 9. Nc3 dxe5 10. Nxe5 Nxe5 11. dxe5 Bxb5 12. Nxb5 Qxd1+ 13. Kxd1 Nd5 14. Ke2
a6 15. Rd1 O-O-O 16. Nd4 e6 17. Bg5 Be7 18. Rac1+ Kb8 19. Bxe7 Nxe7 20. Nb3 Nc6
21. f4 g5 22. g3 Rxd1 23. Rxd1 Kc7 24. Nc5 Rd8 25. Rxd8 Nxd8 26. Ne4 gxf4 27.
gxf4 Kc6 28. Nf6 h6 29. h4 Kc5 30. Ke3 Nc6 31. Ne4+ Kb6 32. Nd6 Nd8 33. Ke4 Kc6
34. Ne8 Kd7 35. Nf6+ Ke7 36. Ng8+ Kf8 37. Nxh6 Nc6 38. Ng4 Ne7 39. Ne3 Nc6 40.
f5 Kg7 41. fxe6 fxe6 42. Ng2 Nd8 43. Nf4 Kf7 44. a4 b6 45. Ne2 Kg6 46. Nf4+ Kf7
47. Ne2 Kg6 48. Nd4 Kh5 49. Nxe6 Nxe6 50. Kd5 Nf4+ 51. Kd6 Ng6 52. e6 Nxh4 53.
e7 Nf5+ 54. Kd7 Ng7 55. e8=Q+ Nxe8 56. Kxe8 b5 57. axb5 axb5 58. Kd7 Kg5 59. b4
1-0

[Event "GBR-ch108 Senior 50+"]
[Site "Torquay"]
[Date "2022.08.11"]
[Round "4.9"]
[White "Kennedy, Craig"]
[Black "Josse, Mark"]
[Result "1-0"]
[WhiteElo "1873"]
[BlackElo "2220"]
[PlyCount "89"]
[EventDate "2022.08.08"]
[EventType "swiss"]
[EventRounds "7"]
[EventCountry "GBR"]

1. Nf3 d5 2. b4 Bg4 3. Ne5 Bf5 4. Bb2 f6 5. Nf3 e5 6. a3 a5 7. b5 c5 8. bxc6
Nxc6 9. e3 Qb6 10. Qc1 a4 11. Nc3 d4 12. Nd5 Qd8 13. Bc4 b5 14. Ba2 Be4 15. c4
dxe3 16. fxe3 b4 17. Nxb4 Bxb4 18. axb4 Nxb4 19. O-O Ne7 20. d4 Bxf3 21. Rxf3
e4 22. Rf1 Nd3 23. Qc3 Nxb2 24. Qxb2 O-O 25. c5+ Kh8 26. Qc2 f5 27. Qc4 Qc8 28.
Rab1 Rf6 29. Rb4 a3 30. d5 Ra5 31. Rb5 Rxb5 32. Qxb5 f4 33. exf4 e3 34. d6 Nc6
35. Qd3 Nb4 36. Qxa3 e2 37. Qxb4 exf1=Q+ 38. Kxf1 h5 39. Qc4 Qf8 40. g3 Qa8 41.
Qd5 Qa6+ 42. Kf2 Qc8 43. d7 Qd8 44. Qxh5+ Rh6 45. Qe8+ 1-0

[Event "GBR-ch108 Senior 50+"]
[Site "Torquay"]
[Date "2022.08.11"]
[Round "4.11"]
[White "Goater, Kevin P"]
[Black "Bolt, Graham"]
[Result "1-0"]
[WhiteElo "2065"]
[BlackElo "1951"]
[PlyCount "125"]
[EventDate "2022.08.08"]
[EventType "swiss"]
[EventRounds "7"]
[EventCountry "GBR"]

1. d4 g6 2. Nc3 Bg7 3. e4 d6 4. Bg5 h6 5. Bh4 a6 6. f4 b5 7. a3 Bb7 8. Nf3 Nd7
9. Be2 c5 10. d5 Qc7 11. O-O b4 12. axb4 cxb4 13. Na4 Ngf6 14. Nd2 O-O 15. Bf2
e6 16. dxe6 fxe6 17. Bd3 e5 18. g3 d5 19. exd5 Nxd5 20. fxe5 Nxe5 21. Be4 Nf6
22. Bxb7 Qxb7 23. Nc5 Qc6 24. Qe2 Nfg4 25. Bd4 Qd5 26. c3 h5 27. Rxf8+ Rxf8 28.
Rxa6 bxc3 29. bxc3 Re8 30. Qb5 Re7 31. Qb3 Qxb3 32. Ncxb3 Rb7 33. h3 Nh6 34.
Bxe5 Bxe5 35. Rxg6+ Kh7 36. Rg5 Bxc3 37. Rxh5 Kg6 38. g4 Nf7 39. Rc5 Bb4 40.
Rd5 Rc7 41. Rb5 Be7 42. Ne4 Rc6 43. Kg2 Bd8 44. Nbd2 Bc7 45. Rc5 Rxc5 46. Nxc5
Bf4 47. Nf3 Kh6 48. Ne6 Bc1 49. Kg3 Kg6 50. h4 Kh6 51. Nf4 Nd6 52. g5+ Kg7 53.
Kg4 Ne4 54. h5 Kh7 55. Nh4 Kg7 56. Nf5+ Kf7 57. h6 Nxg5 58. Kxg5 Kg8 59. Nd4
Bd2 60. Nde6 Bc1 61. Kg6 Bb2 62. h7+ Kh8 63. Ng5 1-0

[Event "GBR-ch108 Senior 50+"]
[Site "Torquay"]
[Date "2022.08.11"]
[Round "4.12"]
[White "Winter, Kevin"]
[Black "Fegan, Chris"]
[Result "1/2-1/2"]
[WhiteElo "1689"]
[BlackElo "2025"]
[PlyCount "35"]
[EventDate "2022.08.08"]
[EventType "swiss"]
[EventRounds "7"]
[EventCountry "GBR"]

1. e4 c5 2. Nc3 a6 3. a4 Nc6 4. Nf3 d6 5. d4 cxd4 6. Nxd4 g6 7. Be3 Nf6 8. Be2
Bg7 9. O-O O-O 10. f4 Bd7 11. Qd2 Rc8 12. Nb3 Be6 13. Nd4 Nxd4 14. Bxd4 Rxc3
15. bxc3 Nxe4 16. Qe3 Nf6 17. Bf3 Qd7 18. Rfb1 1/2-1/2

[Event "GBR-ch108 Senior 50+"]
[Site "Torquay"]
[Date "2022.08.11"]
[Round "4.13"]
[White "Brown, Alan M"]
[Black "Mueller, Jens"]
[Result "1/2-1/2"]
[WhiteElo "2013"]
[BlackElo "1879"]
[PlyCount "50"]
[EventDate "2022.08.08"]
[EventType "swiss"]
[EventRounds "7"]
[EventCountry "GBR"]

1. d4 g6 2. e4 Bg7 3. Nf3 d6 4. Nc3 a6 5. Be2 b5 6. a3 Nd7 7. O-O c5 8. Be3 Bb7
9. Bd3 cxd4 10. Bxd4 Bxd4 11. Nxd4 Ngf6 12. Nb3 O-O 13. Re1 Ne5 14. Bf1 Rc8 15.
Nd2 Qb6 16. h3 Rfd8 17. Qe2 Nfd7 18. Qe3 Qxe3 19. Rxe3 Nb6 20. Rd1 Kf8 21. f4
Nec4 22. Nxc4 Nxc4 23. Bxc4 Rxc4 24. g3 Rdc8 25. Kf2 a5 1/2-1/2

[Event "GBR-ch108 Senior 50+"]
[Site "Torquay"]
[Date "2022.08.11"]
[Round "4.14"]
[White "Bass, John W"]
[Black "Patrick, David A"]
[Result "1/2-1/2"]
[WhiteElo "1996"]
[BlackElo "1803"]
[PlyCount "143"]
[EventDate "2022.08.08"]
[EventType "swiss"]
[EventRounds "7"]
[EventCountry "GBR"]

1. d4 d5 2. c4 c6 3. Nc3 Nf6 4. Nf3 g6 5. Bg5 Bg7 6. cxd5 cxd5 7. Qb3 e6 8. e3
O-O 9. Be2 Nc6 10. O-O Qa5 11. Rac1 Ne4 12. Bf4 Nxc3 13. bxc3 Re8 14. c4 Qb4
15. cxd5 Qxb3 16. axb3 exd5 17. Bb5 Bd7 18. Bd6 a6 19. Bd3 Rac8 20. Bc5 Bf8 21.
b4 Nxb4 22. Be2 Bxc5 23. dxc5 a5 24. Rfd1 Rc7 25. Nd4 Rec8 26. Nb3 Ba4 27. Nxa5
Bxd1 28. Rxd1 Rxc5 29. Nxb7 Rc1 30. Rf1 Rxf1+ 31. Bxf1 Rc1 32. g3 Nd3 33. Nd6
Ne5 34. Kg2 Nc4 35. Nb5 Nd2 36. Be2 Ne4 37. Nd4 Ra1 38. Kf3 Ra2 39. Kg2 Nc3 40.
Bf3 Kg7 41. Kf1 Ne4 42. Be2 h5 43. Kg2 Ng5 44. Bd1 Ne6 45. Bb3 Rb2 46. Bxd5
Nxd4 47. exd4 Rd2 48. Bc6 Rxd4 49. h4 Rd2 50. Kf3 f6 51. Ke3 Rd6 52. Bb7 g5 53.
hxg5 fxg5 54. Kf3 Kh6 55. Kg2 Rd2 56. Bc6 h4 57. gxh4 gxh4 58. Kh3 Kg5 59. Kg2
Kf4 60. Bb7 Rd7 61. Bc6 Rd3 62. f3 Rd6 63. Be4 Rd8 64. Kh2 Rg8 65. Bd5 Rg3 66.
Bc6 Rg7 67. Bd5 Rd7 68. Be4 Rd2+ 69. Kh3 Rd1 70. Kg2 Re1 71. Bd5 Re5 72. Bc6
1/2-1/2

[Event "GBR-ch108 Senior 50+"]
[Site "Torquay"]
[Date "2022.08.11"]
[Round "4.15"]
[White "Handley, Michael R"]
[Black "Littlejohns, David P"]
[Result "0-1"]
[WhiteElo "1975"]
[BlackElo "1943"]
[PlyCount "48"]
[EventDate "2022.08.08"]
[EventType "swiss"]
[EventRounds "7"]
[EventCountry "GBR"]

1. d4 d5 2. Nc3 c6 3. Bf4 Bf5 4. f3 Nf6 5. g4 Bg6 6. h4 h5 7. g5 Ng8 8. Qd2 e6
9. e4 Bd6 10. Nge2 Ne7 11. Bh3 Qc7 12. O-O-O Nd7 13. Rhf1 O-O-O 14. Kb1 Kb8 15.
a3 Bxf4 16. Nxf4 Rhe8 17. e5 Bf5 18. Bxf5 Nxf5 19. Nxh5 g6 20. Nf6 Nxf6 21.
gxf6 Rh8 22. Rh1 Rh5 23. Rh3 c5 24. f4 Nxd4 0-1

[Event "GBR-ch108 Senior 50+"]
[Site "Torquay"]
[Date "2022.08.11"]
[Round "4.17"]
[White "Reuben, Stewart"]
[Black "Ingham, H William"]
[Result "1-0"]
[WhiteElo "1946"]
[BlackElo "1842"]
[PlyCount "61"]
[EventDate "2022.08.08"]
[EventType "swiss"]
[EventRounds "7"]
[EventCountry "GBR"]

1. b3 e5 2. Bb2 d6 3. e4 Nf6 4. d3 Be7 5. Nd2 O-O 6. Nc4 c6 7. Be2 Qc7 8. Nf3
Re8 9. O-O b5 10. Ne3 Bf8 11. Nh4 Na6 12. f4 Be7 13. Nef5 Bf8 14. Qd2 g6 15.
fxe5 dxe5 16. Nh6+ Bxh6 17. Qxh6 Ng4 18. Bxg4 Bxg4 19. h3 Bc8 20. Rf3 Qe7 21.
Raf1 Rf8 22. Nf5 Bxf5 23. exf5 Rfe8 24. fxg6 fxg6 25. Rf7 Qxf7 26. Rxf7 Kxf7
27. Qxh7+ Kf6 28. Qb7 Nb4 29. a3 Rab8 30. Qc7 Rbc8 31. Qd6+ 1-0

[Event "GBR-ch108 Senior 50+"]
[Site "Torquay"]
[Date "2022.08.11"]
[Round "4.19"]
[White "McCarron, Peter DJ"]
[Black "Shepley, Julien M"]
[Result "0-1"]
[WhiteElo "1616"]
[BlackElo "1857"]
[PlyCount "44"]
[EventDate "2022.08.08"]
[EventType "swiss"]
[EventRounds "7"]
[EventCountry "GBR"]

1. c4 e5 2. Nc3 Nf6 3. g3 d5 4. cxd5 Nxd5 5. Bg2 Nb6 6. Nf3 Nc6 7. O-O Be7 8.
d3 Be6 9. a3 a5 10. e3 Bf6 11. Qe2 O-O 12. Bd2 Qd7 13. Rfd1 Rfd8 14. Be1 a4 15.
Ne4 Be7 16. Rac1 Bb3 17. Rd2 f6 18. Nc5 Bxc5 19. Rxc5 Qe6 20. d4 e4 21. d5 exf3
22. Bxf3 Bxd5 0-1

[Event "GBR-ch108 Senior 50+"]
[Site "Torquay"]
[Date "2022.08.11"]
[Round "4.20"]
[White "Wilson, Matthew R"]
[Black "Barton, R Alan"]
[Result "1/2-1/2"]
[WhiteElo "1743"]
[BlackElo "1926"]
[PlyCount "183"]
[EventDate "2022.08.08"]
[EventType "swiss"]
[EventRounds "7"]
[EventCountry "GBR"]

1. e4 e6 2. d4 d5 3. exd5 exd5 4. Nf3 Bd6 5. c4 Nf6 6. c5 Be7 7. Bd3 O-O 8. O-O
Bg4 9. h3 Bh5 10. Be3 b6 11. cxb6 axb6 12. Nbd2 Nbd7 13. g4 Bg6 14. Bxg6 hxg6
15. Ne5 Nxe5 16. dxe5 Ne8 17. a3 d4 18. Bf4 g5 19. Bg3 Qd5 20. Rc1 c5 21. Nc4
Qe6 22. Qf3 Rb8 23. Rfe1 Nc7 24. Nd6 g6 25. Rcd1 Nd5 26. Rc1 Rbd8 27. Qe4 Bxd6
28. exd6 Qxe4 29. Rxe4 Nf4 30. Bxf4 gxf4 31. Rxf4 Rxd6 32. b4 d3 33. bxc5 bxc5
34. Rd1 Re8 35. Rc4 Rd5 36. Kf1 f5 37. Rc3 Red8 38. Rc4 Kf7 39. a4 Rh8 40. Kg2
Kf6 41. Rc3 Rhd8 42. Kf3 Kg5 43. gxf5 Kxf5 44. Ke3 d2 45. f3 Re5+ 46. Kf2 Rd4
47. Rc2 Red5 48. a5 Ra4 49. Rdxd2 Rxd2+ 50. Rxd2 Rxa5 51. Rd8 Ke5 52. Ke3 Ra3+
53. Ke2 Kf4 54. Rf8+ Kg3 55. Rg8 Ra6 56. Rc8 Re6+ 57. Kf1 Re5 58. h4 Kxf3 59.
Rc6 Rh5 60. Rxg6 Rxh4 61. Ke1 Rd4 62. Rc6 c4 63. Rc8 Ke3 64. Rc7 Kd3 65. Kd1
Kc3+ 66. Kc1 Rh4 67. Kb1 Rh1+ 68. Ka2 Rc1 69. Rh7 Rc2+ 70. Kb1 Rb2+ 71. Kc1 Rb3
72. Rh3+ Kb4 73. Rh8 Rg3 74. Kb2 Rg2+ 75. Kb1 Kb3 76. Rb8+ Kc3 77. Rc8 Rg1+ 78.
Ka2 Rc1 79. Rh8 Rd1 80. Rc8 Rd4 81. Kb1 Kd3 82. Kc1 c3 83. Rc7 Rd8 84. Rc6 Rh8
85. Rd6+ Kc4 86. Rc6+ Kb4 87. Rc7 Rh5 88. Rb7+ Rb5 89. Rxb5+ Kxb5 90. Kc2 Kb4
91. Kc1 Kb3 92. Kb1 1/2-1/2

[Event "GBR-ch108 Senior 50+"]
[Site "Torquay"]
[Date "2022.08.11"]
[Round "4.21"]
[White "Kenning, Paul H"]
[Black "Kalerwa, Edwin M"]
[Result "1-0"]
[WhiteElo "1772"]
[BlackElo "1653"]
[PlyCount "56"]
[EventDate "2022.08.08"]
[EventType "swiss"]
[EventRounds "7"]
[EventCountry "GBR"]

1. d4 Nf6 2. Bf4 g6 3. Nc3 d6 4. e4 Bg7 5. Qd2 Nbd7 6. O-O-O O-O 7. h4 c6 8.
Be2 b5 9. a3 a5 10. Bf3 Nb6 11. Bh6 Qe8 12. h5 e5 13. Bxg7 Kxg7 14. hxg6 fxg6
15. dxe5 dxe5 16. Qh6+ Kg8 17. g4 Qe7 18. Rh4 b4 19. axb4 axb4 20. Nb1 Be6 21.
g5 Nfd7 22. Rd6 Rf7 23. Rxc6 Nc4 24. b3 Na5 25. Rc7 Qd6 26. Rxd7 Qxd7 27. Rh2
Rc8 28. Kb2 Qd6 1-0

[Event "GBR-ch108 Senior 50+"]
[Site "Torquay"]
[Date "2022.08.11"]
[Round "5.1"]
[White "Motwani, Paul"]
[Black "Willmoth, Robert F"]
[Result "1/2-1/2"]
[WhiteElo "2420"]
[BlackElo "2117"]
[PlyCount "40"]
[EventDate "2022.08.08"]
[EventType "swiss"]
[EventRounds "7"]
[EventCountry "GBR"]

1. d4 d6 2. e4 Nf6 3. f3 c5 4. dxc5 Qa5+ 5. Nc3 Qxc5 6. Bb5+ Nbd7 7. Qd3 a6 8.
Be3 Qc7 9. Bxd7+ Bxd7 10. Nge2 e6 11. a4 Be7 12. O-O O-O 13. a5 Rac8 14. Bb6
Qb8 15. Rad1 Bc6 16. f4 Bd8 17. Ng3 Bxb6+ 18. axb6 d5 19. e5 Nd7 20. Nh5 f5
1/2-1/2

[Event "GBR-ch108 Senior 50+"]
[Site "Torquay"]
[Date "2022.08.11"]
[Round "5.2"]
[White "Brusey, Alan W"]
[Black "Townsend, M Paul"]
[Result "0-1"]
[WhiteElo "1994"]
[BlackElo "2177"]
[PlyCount "106"]
[EventDate "2022.08.08"]
[EventType "swiss"]
[EventRounds "7"]
[EventCountry "GBR"]

1. e4 e6 2. d4 d5 3. e5 c5 4. c3 Bd7 5. Nf3 Nc6 6. Be2 Nge7 7. O-O Ng6 8. g3
Be7 9. h4 cxd4 10. cxd4 O-O 11. Nc3 f6 12. exf6 Bxf6 13. Bg5 Bxg5 14. Nxg5 Qf6
15. Bd3 h6 16. h5 Qxg5 17. Bxg6 Be8 18. Bxe8 Raxe8 19. Kg2 Qf6 20. f4 Nxd4 21.
Rc1 Nf5 22. Qd3 d4 23. Ne4 Qf7 24. Rh1 e5 25. Qf3 exf4 26. g4 Ne3+ 27. Kh3 Qd5
28. Nd2 Qxf3+ 29. Nxf3 d3 30. Rh2 Nd5 31. Rd2 Re3 32. Kg2 Nf6 33. Rc7 Ne4 34.
Rd1 Re2+ 35. Kg1 Rd8 36. Rxb7 d2 37. Rxa7 Ng5 38. Kf1 Re3 39. Nxg5 hxg5 40. Ra5
Rh3 41. Kf2 Rh2+ 42. Kf3 Re8 43. Rxg5 Re1 44. Rxd2 Rf1+ 45. Ke4 Rxd2 46. Rb5 f3
47. Rb8+ Kf7 48. g5 f2 49. g6+ Ke7 50. Rb7+ Rd7 51. Rxd7+ Kxd7 52. Kf3 Rh1 53.
Kxf2 Rxh5 0-1

[Event "GBR-ch108 Senior 50+"]
[Site "Torquay"]
[Date "2022.08.11"]
[Round "5.3"]
[White "Crocker, Philip J"]
[Black "Fraser-Mitchell, Jeremy N"]
[Result "1-0"]
[WhiteElo "2107"]
[BlackElo "2080"]
[PlyCount "53"]
[EventDate "2022.08.08"]
[EventType "swiss"]
[EventRounds "7"]
[EventCountry "GBR"]

1. d4 f5 2. g3 Nf6 3. Bg2 g6 4. Nf3 Bg7 5. O-O O-O 6. b3 d6 7. Bb2 Qe8 8. c4 c6
9. Nbd2 Na6 10. Qc2 Bd7 11. Rae1 Rb8 12. e4 fxe4 13. Nxe4 Nb4 14. Nxf6+ Bxf6
15. Qd2 Na6 16. d5 Qf7 17. Nd4 Qg7 18. dxc6 bxc6 19. Bxc6 Bxc6 20. Nxc6 Bxb2
21. Rxe7 Qf6 22. Nxb8 Nxb8 23. Qd5+ Kh8 24. Re6 Qg7 25. Rxd6 Qc7 26. Rd1 Bg7
27. b4 1-0

[Event "GBR-ch108 Senior 50+"]
[Site "Torquay"]
[Date "2022.08.11"]
[Round "5.4"]
[White "Knight, Simon C"]
[Black "Dargan, Paul AG"]
[Result "0-1"]
[WhiteElo "2090"]
[BlackElo "2056"]
[PlyCount "52"]
[EventDate "2022.08.08"]
[EventType "swiss"]
[EventRounds "7"]
[EventCountry "GBR"]

1. Nf3 Nf6 2. g3 c5 3. c4 Nc6 4. Bg2 g6 5. d4 cxd4 6. Nxd4 Bg7 7. Nc3 O-O 8.
Nxc6 dxc6 9. Qc2 Be6 10. b3 Bf5 11. Qd2 Ne4 12. Bxe4 Bxe4 13. f3 Qa5 14. Bb2
Rad8 15. Qc1 Bxf3 16. exf3 Rd3 17. Ke2 Bxc3 18. Kxd3 Rd8+ 19. Kc2 Qf5+ 20. Kxc3
Rd3+ 21. Kc2 Rd6+ 22. Kc3 Qxf3+ 23. Kb4 c5+ 24. Kxc5 a5 25. Kb5 Qc6+ 26. Kxa5
Qc5+ 0-1

[Event "GBR-ch108 Senior 50+"]
[Site "Torquay"]
[Date "2022.08.11"]
[Round "5.5"]
[White "Duncan, Chris R"]
[Black "Goater, Kevin P"]
[Result "1-0"]
[WhiteElo "2178"]
[BlackElo "2065"]
[PlyCount "81"]
[EventDate "2022.08.08"]
[EventType "swiss"]
[EventRounds "7"]
[EventCountry "GBR"]

1. d4 c6 2. c4 d5 3. Nc3 e6 4. e3 f5 5. f4 Nf6 6. Nf3 Bd6 7. Bd3 O-O 8. O-O Qe7
9. Bd2 Ne4 10. Be1 Nd7 11. Bh4 Ndf6 12. Ne5 Qe8 13. Qe2 b6 14. Rac1 Bb7 15. a3
Rc8 16. cxd5 exd5 17. Bxf6 Rxf6 18. g4 g6 19. gxf5 gxf5 20. Kh1 Kh8 21. Rg1
Bxe5 22. fxe5 Rg6 23. Qf3 Qe6 24. Ne2 Rcg8 25. Nf4 Rxg1+ 26. Rxg1 Rxg1+ 27.
Kxg1 Qg8+ 28. Kh1 Bc8 29. Nh5 Qg5 30. Bxe4 dxe4 31. Qe2 Be6 32. Nf4 Bb3 33. Qh5
h6 34. Qe8+ Kh7 35. e6 Bd1 36. Qf7+ Qg7 37. Qxf5+ Kh8 38. Ng6+ Kg8 39. e7 Qf7
40. Qc8+ Kh7 41. Qh8+ 1-0

[Event "GBR-ch108 Senior 50+"]
[Site "Torquay"]
[Date "2022.08.11"]
[Round "5.6"]
[White "Frostick, Clive A"]
[Black "Kennedy, Craig"]
[Result "1-0"]
[WhiteElo "2137"]
[BlackElo "1873"]
[PlyCount "61"]
[EventDate "2022.08.08"]
[EventType "swiss"]
[EventRounds "7"]
[EventCountry "GBR"]

1. e4 c5 2. Nf3 d6 3. Nc3 Nf6 4. e5 dxe5 5. Nxe5 a6 6. a4 Be6 7. Bc4 Nbd7 8.
Qe2 Nxe5 9. Bxe6 Qd4 10. Ba2 e6 11. d3 Bd6 12. Be3 Qb4 13. O-O O-O 14. Bd2 Qh4
15. g3 Qh3 16. f3 Nc6 17. Qg2 Qh5 18. Ne4 Nxe4 19. dxe4 b5 20. Be3 c4 21. Qf2
Rfd8 22. Kg2 Nb4 23. Bb1 f5 24. axb5 fxe4 25. bxa6 exf3+ 26. Qxf3 Qe5 27. Bf4
Qxb2 28. Bxd6 Qxa1 29. Bxb4 Qxa6 30. c3 Qa7 31. Qe4 1-0

[Event "GBR-ch108 Senior 50+"]
[Site "Torquay"]
[Date "2022.08.11"]
[Round "5.8"]
[White "Baer, Bruce L"]
[Black "Dilleigh, Stephen P"]
[Result "1/2-1/2"]
[WhiteElo "1997"]
[BlackElo "2040"]
[PlyCount "89"]
[EventDate "2022.08.08"]
[EventType "swiss"]
[EventRounds "7"]
[EventCountry "GBR"]

1. Nf3 d5 2. g3 c6 3. Bg2 Bg4 4. d3 Nd7 5. Nbd2 Ngf6 6. h3 Bh5 7. g4 Bg6 8. Nh4
e5 9. e3 Bd6 10. Qe2 O-O 11. Nxg6 fxg6 12. g5 Nh5 13. h4 Qe7 14. Bf3 Qf7 15.
Bxh5 gxh5 16. Rf1 Rae8 17. b3 g6 18. Bb2 Qe7 19. O-O-O b5 20. Kb1 a5 21. e4 d4
22. f4 c5 23. f5 Nb6 24. Rf2 Rf7 25. Nf1 Ref8 26. Ng3 c4 27. Nxh5 Ba3 28. Nf6+
Rxf6 29. gxf6 Rxf6 30. fxg6 Rxg6 31. h5 Rg5 32. Rdf1 Bxb2 33. Rf8+ Qxf8 34.
Rxf8+ Kxf8 35. Qf2+ Ke7 36. Qh4 h6 37. Kxb2 c3+ 38. Kc1 Nd7 39. Kd1 Nf6 40. Qh3
Ng4 41. Ke2 Ne3 42. Qc8 Rg2+ 43. Kf3 Rxc2 44. Qc7+ Ke6 45. Qc6+ 1/2-1/2